01999nam a2200361 a 4500001001000000003000900010005001700019008003100036020001500067040002600082082002700108100003200135245020700167260007100374300002100445490002800466500007000494500007300564504003300637505056900670526000601239590002601245650003901271650001501310650002301325700004001348700004101388830003201429910002301461942001201484952012401496999001701620000000623DO-SdBNP20221114114049.0090331s2006 dr 000 0 spa d a9993442534 aDO-SdBNPbspacBPMSU  4a305.42bR696m 20062221 aRodríguez, Marcia,d1949-10aMujer, discurso e ideología :bhacia la construcción de un nuevo sujeto femenino /cMarcia Rodríguez ; cuidado de edición José Fernández Pequeño ; corrección Ángela Rodríguez Carpio. aSanto Domingo :bDirección General de la Feria del Libro,c2006. a177 p. ;c23 cm.0 aEdiciones Ferilibrov92 aIncluye datos biográficos del autor en la solapa de la cubierta aIncluye referencias bibliográficas y notas al pie de las páginas aBibliografía : p. 161-177.0 tPresentación /rAlejandro Arvelo --tPalabras --tPrefacio --tIntroducción --tConstitución del sujeto femenino --tElementos que intervienen en la conformación del sujeto --tEl psicoanálisis: un modelo posible para la construcción del sujeto mujer --tMujer sujeto Vs. mujer objeto: el elemento subordinación --tLa feminidad y "lo reprimido femenino" --tLa mujer en el matrimonio --tLa mujer, el trabajo y el movimiento femenino --tAnálisis de la revista Cosmopolitan --tUn modelo para construir un nuevo sujeto femenino --tBibliografía. b  aInventariado, 2022/VM 4aMujeres xCondiciones sociales 4aFeminismo  4aDesarrollo social 1 aFernández Pequeño, José,eed.1 aRodríguez Carpio, Ángela,ecorr. 0aEdiciones Ferilibronno. 92 aVMateo V./Validado 2ddccBK 00102ddc40708CDaBPMETbBPMETd2022-11-14l0oBPMSU CD 305.42 R696m 2006pBPMSU22110008r2022-11-14w2022-11-14yBK c14323d14323